Web design technology : (Record no. 10)

MARC details
000 -LEADER
fixed length control field 00574cam a2200217ua 4500
001 - CONTROL NUMBER
control field 13
005 - DATE AND TIME OF LATEST TRANSACTION
control field 20260515113120.0
008 - FIXED-LENGTH DATA ELEMENTS--GENERAL INFORMATION
fixed length control field 190725n ii |||gr||||Z||||||eng
020 ## - INTERNATIONAL STANDARD BOOK NUMBER
International Standard Book Number 81-219-2763-3
040 ## - CATALOGING SOURCE
Transcribing agency MAIN
041 ## - LANGUAGE CODE
Language code of text/sound track or separate title eng
082 ## - DEWEY DECIMAL CLASSIFICATION NUMBER
Classification number 006.7
100 ## - MAIN ENTRY--PERSONAL NAME
Personal name Nagpal, D. P.,
245 ## - TITLE STATEMENT
Title Web design technology :
Remainder of title theory and technique on the cutting edge /
Statement of responsibility, etc. By D. P. Nagpal
250 ## - EDITION STATEMENT
Edition statement 1st.
260 ## - PUBLICATION, DISTRIBUTION, ETC.
Place of publication, distribution, etc. New Delhi:
Name of publisher, distributor, etc. S. Chand.,
Date of publication, distribution, etc. 2006.
300 ## - PHYSICAL DESCRIPTION
Extent xvi, 616 p.:
Other physical details ill;
Dimensions 22 cm.
653 ## - INDEX TERM--UNCONTROLLED
Uncontrolled term Computer science
653 ## - INDEX TERM--UNCONTROLLED
Uncontrolled term Web Design Technology
942 ## - ADDED ENTRY ELEMENTS (KOHA)
Koha item type Books
Holdings
Withdrawn status Lost status Damaged status Not for loan Home library Current library Shelving location Date acquired Total checkouts Full call number Barcode Date last seen Date last checked out Copy number Price effective from Koha item type
        Naharkatiya College Library Naharkatiya College Library General stacks 09/19/2020 4 006.7 | NAG 17140 07/29/2022 07/25/2022 1 09/19/2020 Books